00932nam a22002297a 4500008004100000020001400041082002000055100002300075245012200098260006200220300004900282500002700331500002400358650003600382650003800418653002500456655002400481700003800505942002000543999001700563952012200580140203t1981 xxkabd grd 001 0 eng d a07084565404222a658.87bFOS1 935023aFoster, Ann14aThe retail handbook :ba practical guide to running a successful small retail business /cAnn Foster and Bill Thomas. aLondon :bMcGraw-Hill Book Company (UK) Limited,cc.1981. axii, 158 p. :bchart, maps, tables ;c23 cm. aGlossary : p. 152-154. aIndex : p. 155-158. 0aRetail tradexManagement935026 0935024aStores, RetailxManagement bBUSADMcFebruary2014 vreading book9342321 935025aThomas, Billq(William H.) 2ddck658.87 FOS c18010d17982 00102ddc40708Donation-GaMAINbMAINc1STd2014-02-03eDonationl0o658.87 FOSp000035564r2025-07-15 00:00:00yBB